000 00916nam a2200217Ia 4500
003 OSt
005 20210805153640.0
008 210310q1997 eu fr 000 0 eng d
040 _aCO-JMCR
_cCO-JMCR
041 0 _aspa
082 0 4 _a332.6 /
_bI611f
_223
110 2 _aInter-american Development Bank
_938965
245 1 0 _aFinancial markets development :
_bIDB activities /
_cInter-american Development Bank
260 _aWashington, D.C. :
_bInter-American Development Bank,
_c[1997]
300 _axiv, 18 páginas ;
_c28 cm.
505 0 _aFinancial sector reforms within Lati America and the Caribbean -- IDB Group Lending operations -- Impact of IDB Group operations on the reform programs -- IDB-Non-Lending Activities: Strategy and support
650 1 4 _aMercado capital
_zAmérica Latina
_939119
650 2 4 _aValores
_916735
_zAmérica Latina
650 2 4 _aFinanzas
_zAmérica Latina
_939120
942 _2ddc
_cBK
999 _c8245
_d8245